| 000 | 00350nam a2200145 i 4500 | ||
|---|---|---|---|
| 001 | bg | ||
| 100 | 1 | _aWAUGOLNYCH, K. A. | |
| 245 | 0 |
_aElektriceskie razrjady v vode / _cK.A. Waugolnych, W.A. Roj. |
|
| 260 |
_aMoskwa, _c1971. |
||
| 700 | 1 | _aROJ, W. A. | |
| 040 | _cBPK | ||
| 041 | _apol | ||
| 942 | _cKS | ||
| 008 | s pl f |000 0 pol | ||
| 999 |
_c14539 _d14539 |
||
| 856 |
_uhttp://koha.tu.koszalin.pl/cgi-bin/koha/opac-detail.pl?biblionumber=14539 _yKatalog online BPK |
||